全路線が起終点の駅 - Statistics

General Stats
  • This quiz has been taken 685 times
    673 since last reset
  • The average score is 26 of 97
Answer Stats
駅名 都道府県 % Correct
旭川 北海道
78%
網走 北海道
67%
青森 青森県
66%
富良野 北海道
52%
鹿児島 鹿児島県
49%
敦賀 福井県
47%
安房鴨川 千葉県
45%
新潟 新潟県
45%
高松 香川県
43%
銚子 千葉県
42%
神戸 兵庫県
42%
久慈 岩手県
41%
和歌山市 和歌山県
41%
新得 北海道
40%
徳島 徳島県
40%
直江津 新潟県
39%
宮古 岩手県
38%
鹿島サッカースタジアム 茨城県
37%
成田空港 千葉県
37%
倶利伽羅 石川県
37%
鳥羽 三重県
37%
伊東 静岡県
36%
目時 青森県
35%
大阪難波 大阪府
35%
長崎 長崎県
35%
新藤原 栃木県
34%
佐世保 長崎県
34%
釜石 岩手県
33%
大聖寺 石川県
33%
伊勢中川 三重県
33%
市振 新潟県
32%
松山市 愛媛県
32%
会津高原尾瀬口 福島県
31%
大阪梅田 大阪府
31%
大阪梅田 大阪府
31%
妙高高原 新潟県
30%
富士山 山梨県
30%
赤羽岩淵 東京都
29%
名鉄岐阜 岐阜県
29%
宇治山田 三重県
29%
東舞鶴 京都府
29%
窪川 高知県
29%
姪浜 福岡県
29%
上総中野 千葉県
28%
東成田 千葉県
28%
押上 東京都
28%
江坂 大阪府
28%
橿原神宮前 奈良県
28%
篠ノ井 長野県
27%
新鵜沼 岐阜県
27%
阿波海南 徳島県
27%
上飯田 愛知県
26%
八代 熊本県
26%
千葉中央 千葉県
25%
赤池 愛知県
25%
藤が丘 愛知県
25%
コスモスクエア 大阪府
25%
吉良吉田 愛知県
24%
出町柳 京都府
24%
住之江公園 大阪府
24%
長田 大阪府
24%
吾野 埼玉県
23%
西武球場前 埼玉県
23%
三条 京都府
23%
西代 兵庫県
22%
中村 高知県
22%
富山駅 富山県
21%
大阪上本町 大阪府
21%
関西空港 大阪府
21%
千頭 静岡県
20%
常滑 愛知県
20%
貝塚 福岡県
19%
江吉良 岐阜県
18%
はりまや橋 高知県
17%
多摩湖 東京都
16%
南富山 富山県
16%
湊川 兵庫県
16%
広電西広島 広島県
16%
甘木 福岡県
13%
函館駅前 北海道
12%
名谷 兵庫県
12%
熊本駅前 熊本県
11%
鹿児島中央駅前 鹿児島県
10%
丸の内 富山県
9%
西4丁目 北海道
9%
松風町 北海道
8%
六渡寺 富山県
7%
中央図書館前 北海道
6%
電鉄富山駅・エスタ前 富山県
6%
安野屋 富山県
6%
西堀端 愛媛県
6%
住吉 長崎県
5%
西15丁目 北海道
5%
水前寺公園 熊本県
4%
水道町 熊本県
3%
武之橋 鹿児島県
3%
平和通一丁目 愛媛県
2%
No matching quizzes found
Score Distribution
Percent of People with Each Score
Percentile by Number Answered
Your Score History
You have not taken this quiz since the last reset